|
|
|
|
| LEADER |
00780nta a2200193 i 4500 |
| 001 |
dipl94338 |
| 005 |
20201119142836.0 |
| 008 |
201119s2018 hu om 0|| zxx d |
| 040 |
|
|
|a SZTE Diploma Repozitórium
|b hun
|
| 041 |
|
|
|a zxx
|
| 100 |
1 |
|
|a Sárközi Szimonetta
|
| 245 |
1 |
2 |
|a A fiatalkorban előforduló alkoholfogyasztás gyakorisága (14-18 éves)
|h [elektronikus dokumentum] /
|c Szimonetta Sárközi
|
| 246 |
1 |
0 |
|a Frequency of alkohol consumption in the young age (14-18 age)
|h [elektronikus dokumentum]
|
| 260 |
|
|
|c 2018
|
| 650 |
|
4 |
|a Orvos- és egészségtudományok
|
| 650 |
|
4 |
|a Medical and health sciences
|
| 650 |
|
4 |
|a Health sciences
|
| 700 |
2 |
|
|a Farkasné Dr. Gunics Gyöngyi
|e ths
|
| 856 |
4 |
0 |
|u http://diploma.bibl.u-szeged.hu/id/eprint/94338/1/2018_2503.pdf
|z Dokumentum-elérés
|